[Event "Moscow Smyslov-A"]
[Site "Moscow"]
[Date "2025.06.06"]
[Round "5"]
[White "Tolstykh, Viktor"]
[Black "Kalambetov, Anton"]
[Result "1/2-1/2"]
[WhiteElo "2111"]
[BlackElo "2069"]
[PlyCount "61"]
[EventDate "2025.06.02"]
[EventType "swiss"]
[EventRounds "8"]
[EventCountry "RUS"]
[SourceTitle "CB29_2025"]
[SourceDate "2025.07.16"]
[SourceVersion "1"]
[SourceVersionDate "2025.07.16"]
[SourceQuality "1"]

1. Nf3 d5 2. g3 c5 3. Bg2 Nc6 4. d4 e6 5. 0-0 Nf6 6. c4 dxc4 7. dxc5 Qxd1 8. Rxd1 Bxc5 9. Nbd2 c3 10. bxc3 0-0 11. Nb3 Be7 12. Nfd4 Nxd4 13. cxd4 Nd5 14. e4 Nc3 15. Re1 Bd7 16. e5 Nd5 17. Bxd5 exd5 18. Nc5 Bxc5 19. dxc5 Bf5 20. Be3 Rfe8 21. Bd4 Re6 22. f3 h5 23. Kg2 b6 24. Rac1 Bd3 25. h3 Bc4 26. a3 Rc6 27. cxb6 axb6 28. Rc3 b5 29. g4 h4 30. Kf2 Rca6 31. Bc5 1/2-1/2

[Event "Moscow Smyslov-A"]
[Site "Moscow"]
[Date "2025.06.05"]
[Round "4"]
[White "Esipenko, Aleksandr"]
[Black "Tolstykh, Viktor"]
[Result "1/2-1/2"]
[WhiteElo "2023"]
[BlackElo "2111"]
[PlyCount "46"]
[EventDate "2025.06.02"]
[EventType "swiss"]
[EventRounds "8"]
[EventCountry "RUS"]
[SourceTitle "CB29_2025"]
[SourceDate "2025.07.16"]
[SourceVersion "1"]
[SourceVersionDate "2025.07.16"]
[SourceQuality "1"]

1. d4 Nf6 2. Nf3 d5 3. c4 e6 4. cxd5 exd5 5. Nc3 Be7 6. Qc2 0-0 7. Bg5 h6 8. Bh4 c6 9. e3 Ne8 10. Bxe7 Qxe7 11. Bd3 Nd6 12. 0-0 Nd7 13. Rab1 Nb6 14. Nd2 Qg5 15. Nf3 Qf6 16. Ne5 Bf5 17. b3 Bxd3 18. Qxd3 Rfe8 19. h3 Qe7 20. Qc2 Nd7 21. Nd3 Qg5 22. Rfc1 a6 23. Nf4 Nf6 1/2-1/2

[Event "Moscow Smyslov-A"]
[Site "Moscow"]
[Date "2025.06.02"]
[Round "1"]
[White "Tolstykh, Viktor"]
[Black "Mikhnenko, Alexander"]
[Result "1-0"]
[WhiteElo "2111"]
[BlackElo "2066"]
[PlyCount "65"]
[EventDate "2025.06.02"]
[EventType "swiss"]
[EventRounds "8"]
[EventCountry "RUS"]
[SourceTitle "CB29_2025"]
[SourceDate "2025.07.16"]
[SourceVersion "1"]
[SourceVersionDate "2025.07.16"]
[SourceQuality "1"]

1. d4 d5 2. c4 dxc4 3. e4 Nf6 4. e5 Nd5 5. Bxc4 Bf5 6. Nf3 e6 7. 0-0 Nb6 8. Bb3 Nc6 9. Nc3 Be7 10. a3 Qd7 11. Be3 0-0-0 12. Rc1 f6 13. Nh4 fxe5 14. Nxf5 exf5 15. d5 Nd4 16. Bxd4 exd4 17. Qxd4 Bf6 18. Qd3 Kb8 19. a4 Bxc3 20. Qxc3 Nxd5 21. Bxd5 Qxd5 22. Qxc7+ Ka8 23. g3 a6 24. Qxg7 h5 25. Rfd1 Qf3 26. Rxd8+ Rxd8 27. Qg5 Re8 28. b4 Re4 29. Qd8+ Ka7 30. b5 Re6 31. Qd4+ Kb8 32. b6 Re8 33. Qd7 1-0

[Event "RUS-chT2"]
[Site "Sochi"]
[Date "2025.04.27"]
[Round "2.4"]
[White "Tolstykh, Viktor"]
[Black "Kozlov, Alexei"]
[Result "1/2-1/2"]
[WhiteElo "2018"]
[BlackElo "2189"]
[PlyCount "126"]
[EventDate "2025.04.26"]
[EventType "team-swiss"]
[EventRounds "9"]
[EventCountry "RUS"]
[SourceTitle "CB19_2025"]
[SourceDate "2025.05.07"]
[SourceVersion "1"]
[SourceVersionDate "2025.05.07"]
[SourceQuality "1"]
[WhiteTeam "Moscow Severnyy Kharakter"]
[BlackTeam "St Petersburg Galereya"]
[WhiteTeamCountry "RUS"]
[BlackTeamCountry "RUS"]

1. d4 Nf6 2. c4 e6 3. Nf3 b6 4. g3 Ba6 5. Qc2 c5 6. d5 exd5 7. cxd5 g6 8. Bg2 Bg7 9. 0-0 0-0 10. Nc3 Re8 11. Re1 d6 12. e4 b5 13. Bf4 Nh5 14. Bg5 Qc8 15. e5 dxe5 16. Ne4 Bf8 17. Qd2 f5 18. Nf6+ Nxf6 19. Bxf6 e4 20. d6 Bb7 21. Bf1 Re6 22. Be7 Bxe7 23. dxe7 Qd7 24. Bxb5 Qxd2 25. Nxd2 Rxe7 26. Nb3 Ba6 27. Ba4 c4 28. Nc5 Re5 29. b4 Kf8 30. Rac1 Bc8 31. Rcd1 Ke7 32. f4 Rxc5 33. bxc5 Na6 34. Rb1 Be6 35. c6 Nc5 36. c7 Rc8 37. Bc2 Rxc7 38. Kf2 Rc6 39. Ke3 Rc7 40. Red1 Nd7 41. Rb5 Nc5 42. Kd4 Nb7 43. Kc3 Nd6 44. Rb8 Nc8 45. Rb5 Nd6 46. Rb8 Nb7 47. Rh8 Kf6 48. Rf8+ Kg7 49. Ra8 Nc5 50. Rd2 Bf7 51. Rb8 h6 52. h4 Nd7 53. Rd8 Nf6 54. a4 e3 55. Re2 Nd5+ 56. Rxd5 Bxd5 57. Rxe3 Kf6 58. Re5 Be6 59. Rb5 g5 60. hxg5+ hxg5 61. Kd4 g4 62. a5 c3 63. Rc5 Rd7+ 1/2-1/2

[Event "St Petersburg Korchnoi Memorial op"]
[Site "St Petersburg"]
[Date "2024.08.22"]
[Round "9"]
[White "Tolstykh, Viktor"]
[Black "Sabirov, Timur"]
[Result "0-1"]
[WhiteElo "1971"]
[BlackElo "2101"]
[PlyCount "90"]
[EventDate "2024.08.17"]
[EventType "swiss"]
[EventRounds "9"]
[EventCountry "RUS"]
[SourceTitle "EXT 2025"]
[Source "ChessBase"]
[SourceDate "2024.10.14"]
[SourceVersion "1"]
[SourceVersionDate "2024.10.14"]
[SourceQuality "1"]

1. d4 Nf6 2. c4 e5 3. dxe5 Ng4 4. e3 Nxe5 5. Nc3 Nbc6 6. f4 Ng6 7. Nf3 Bc5 8. Bd3 d6 9. Nd5 f5 10. Bd2 a5 11. a3 Nce7 12. Nc3 Ng8 13. Qc2 Nh6 14. 0-0-0 0-0 15. h3 Nh4 16. Nxh4 Qxh4 17. g4 Bd7 18. g5 Nf7 19. Nd5 Rae8 20. Kb1 c6 21. Be2 Qf2 22. Nc3 Bxe3 23. Rdf1 Qg2 24. Qd3 Bxd2 25. Rhg1 Qxg1 26. Rxg1 Bxf4 27. h4 Be3 28. Rf1 f4 29. Ka2 d5 30. Nd1 Ne5 31. Qc3 d4 32. Qxa5 f3 33. Bxf3 Nxf3 34. g6 hxg6 35. Rh1 Bg4 36. Qc7 Rf7 37. Qd6 Ne5 38. Qc5 Nd3 39. Qb6 Ne5 40. Qc5 Nxc4 41. Re1 Re5 42. Qa7 Be6 43. Ka1 Kh7 44. Qb8 d3 45. Qd8 Bb6 0-1

[Event "St Petersburg Korchnoi Memorial op"]
[Site "St Petersburg"]
[Date "2024.08.20"]
[Round "7"]
[White "Tolstykh, Viktor"]
[Black "Kalinin, Nikita An"]
[Result "1/2-1/2"]
[WhiteElo "1971"]
[BlackElo "2145"]
[PlyCount "46"]
[EventDate "2024.08.17"]
[EventType "swiss"]
[EventRounds "9"]
[EventCountry "RUS"]
[SourceTitle "EXT 2025"]
[Source "ChessBase"]
[SourceDate "2024.10.14"]
[SourceVersion "1"]
[SourceVersionDate "2024.10.14"]
[SourceQuality "1"]

1. d4 Nf6 2. c4 e6 3. Nc3 c5 4. d5 d6 5. e4 g6 6. Nf3 Bg7 7. Be2 0-0 8. 0-0 Na6 9. Be3 e5 10. Nd2 Nd7 11. g4 Re8 12. Kh1 Nc7 13. a3 Bf6 14. Nf3 Nf8 15. Rg1 b6 16. Qd2 Bd7 17. h3 Rb8 18. b4 Bg7 19. Bd3 Qf6 20. Be2 Qd8 21. Bd3 Qf6 22. Be2 Qd8 23. Bd3 Qf6 1/2-1/2

[Event "Arandjelovac op 2nd"]
[Site "Arandjelovac"]
[Date "2023.08.03"]
[Round "6"]
[White "Tolstykh, Viktor"]
[Black "Savic, Robert"]
[Result "1-0"]
[WhiteElo "2037"]
[BlackElo "1908"]
[PlyCount "47"]
[EventDate "2023.07.31"]
[EventType "swiss"]
[EventRounds "9"]
[EventCountry "SRB"]
[SourceTitle "CBM 215 Extra"]
[Source "ChessBase"]
[SourceDate "2023.09.30"]
[SourceVersion "1"]
[SourceVersionDate "2023.09.30"]
[SourceQuality "1"]

1. d4 Nf6 2. c4 g6 3. Nc3 d5 4. cxd5 Nxd5 5. e4 Nxc3 6. bxc3 Bg7 7. Nf3 c5 8. h3 0-0 9. Be2 Nc6 10. Be3 Qa5 11. 0-0 cxd4 12. cxd4 Rd8 13. a4 h6 14. Rb1 Qc7 15. Qc1 Qa5 16. Qc4 e6 17. Rfc1 Qh5 18. Ng5 Qh4 19. g3 Qxg5 20. Bxg5 Rxd4 21. Qb5 hxg5 22. Rxc6 Bd7 23. Qxb7 Bxc6 24. Qxc6 1-0

[Event "Moscow Time of the First U11"]
[Site "Moscow"]
[Date "2019.06.21"]
[Round "6"]
[White "Tolstykh, Viktor"]
[Black "Maslovskiy, Vladimir1"]
[Result "1-0"]
[WhiteElo "1127"]
[BlackElo "1511"]
[PlyCount "63"]
[EventDate "2019.06.17"]
[EventType "swiss"]
[EventRounds "9"]
[EventCountry "RUS"]
[SourceTitle "EXT 2021"]
[Source "ChessBase"]
[SourceDate "2020.10.23"]
[SourceVersion "1"]
[SourceVersionDate "2020.10.23"]
[SourceQuality "1"]

1. d4 Nf6 2. Nf3 g6 3. Bg5 Bg7 4. c3 0-0 5. Nbd2 h6 6. Bh4 d5 7. e3 c5 8. Be2 Nc6 9. dxc5 e5 10. Bxf6 Qxf6 11. 0-0 a5 12. a4 Be6 13. Qb3 Qe7 14. Qa3 g5 15. Rac1 g4 16. Ne1 f5 17. f4 exf4 18. exf4 Bd7 19. Bb5 Rfe8 20. Nd3 Qe3+ 21. Rf2 g3 22. hxg3 Qxg3 23. Nf3 h5 24. Ng5 Re3 25. Qb3 Ne7 26. Bxd7 Rxd3 27. Qxb7 Rf8 28. Be6+ Kh8 29. Qxe7 Qe3 30. Rcf1 Rd2 31. Nf7+ Rxf7 32. Qxf7 1-0